Grönland-Quiz - Statistiken

Allgemein
  • Dieses Quiz wurde 3.700 mal gespielt
    3.680 seit der letzten Aktualisierung
  • Das Durchschnittsergebnis liegt bei 9 aus 21
Antwortstatistiken
Frage Antwort % Korrekt
Grönland wird von diesem Land verwaltet Dänemark
95%
Europäischer Inselstaat, der Grönland am nächsten liegt Island
91%
Währung Krone
73%
Wichtigste Energiequelle {Wasser}kraft
72%
Nahrungsquelle, die 90% der Exporte ausmacht Fisch
66%
Hauptstadt Nuuk
66%
Zahlreichste Ethnie Inuit
64%
Traurigerweise besitzt Grönland eine doppelt so hohe ______rate wie alle anderen Ländern weltweit Selbstmord
54%
Tier auf dem Wappen Grönlands Eisbär
49%
Christliche Konfession, zu denen die meisten Grönländern angehören Evangelisch-lutherisch
47%
Tier, das die Küstengebiete Grönlands bewohnt und das längstlebende Wirbeltier der Erde ist Grönland{hai}
36%
Erster Europäer, der in Grönland Fuss setzt, ca. 984 A.D. Erik der Rote
32%
Dickfellige Rinderart, der ein charakteristischer Geruch sekretieren kann {Moschus}ochse
29%
Weltkartenprojektion, die Grönland flächenmässig so groß wie Afrika darstellt, obwohl letztere 14 mal so groß ist Mercator
22%
Kanadisches Territorium, das Grönland am nächsten liegt Nunavut
21%
Begriff für eine riesige Eismasse wie Grönland Eis{schild}
18%
Gewässer, an denen der westliche Teil von Grönland grenzt {Labrador}see
18%
Gewässer, an denen der westliche Teil von Grönland grenzt {Baffin}-Bucht
16%
Mit einer Fläche von 972'000 km², ist der Nordosten Grönlands der weltgrößte _________ Nationalpark
12%
Ehemaliger Name der Hauptstadt, der durch "Guter Hoffnung" übersetzt wird Godthåb
11%
Gewässer, an denen der westliche Teil von Grönland grenzt {Davis}straße
7%
Keine übereinstimmenden Quizze gefunden
Verteilung der Resultate
Anzahl Personen mit jedem Resultat
Perzentil nach korrekt beantworteten Fragen
Ihre Resultats-Entwicklung
Sie haben dieses Quiz seit der letzten Aktualisierung nicht gespielt